| 000 | 00546nam a2200169Ia 4500 | ||
|---|---|---|---|
| 008 | 140529s9999 xx 000 0 und d | ||
| 020 | _a1412900549 | ||
| 050 |
_aLB 2806 _b.F514 2005 |
||
| 100 | _aFink, Dean. | ||
| 245 |
_aLeadership for mortals : _bdeveloping and sustaining leaders of learning / _cDean Fink |
||
| 260 |
_aLondon ; Thousand Oaks, Calif. : _bPaul Chapman ; Corwin, _cc2005. |
||
| 300 |
_a170 p. ; _c24 cm. |
||
| 500 | _aIncludes bibliographical references and index. | ||
| 521 | _aGE | ||
| 942 |
_kFOR _cBK |
||
| 999 |
_c117690 _d117690 |
||